Before and after / (Record no. 55529)
[ view plain ]
| 000 -LEADER | |
|---|---|
| fixed length control field | 00668naa a2200229 4500 |
| 005 - DATE AND TIME OF LATEST TRANSACTION | |
| control field | 20110810145620.0 |
| 008 - FIXED-LENGTH DATA ELEMENTS--GENERAL INFORMATION | |
| fixed length control field | 110810t xxu||||| |||| 00| 0 eng d |
| 010 ## - LCCN (DPL NO) | |
| LC control number | ENG-103353 |
| 020 ## - INTERNATIONAL STANDARD BOOK NUMBER | |
| Terms of availability | 200.00 |
| International Standard Book Number | 9781449529925 |
| 035 ## - SYSTEM CONTROL NUMBER | |
| System control number | EN-86886 |
| 037 ## - SOURCE OF ACQUISITION | |
| Source of stock number/acquisition | DBAD/PUB |
| 040 ## - CATALOGING SOURCE | |
| Original cataloging agency | DPL |
| Language of cataloging | Eng |
| 082 ## - DEWEY DECIMAL CLASSIFICATION NUMBER | |
| Classification number | N |
| 100 ## - MAIN ENTRY--PERSONAL NAME | |
| 9 (RLIN) | 32587 |
| Personal name | Ghatak, Adhir |
| 245 1# - TITLE STATEMENT | |
| Title | Before and after / |
| Statement of responsibility, etc | Adhir Ghatak |
| 260 ## - PUBLICATION, DISTRIBUTION, ETC. (IMPRINT) | |
| Place of publication, distribution, etc | Kolkata |
| Name of publisher, distributor, etc | Codex |
| Date of publication, distribution, etc | 2011 |
| 270 ## - ADDRESS | |
| Address | 8-A ,Tamer Lane |
| City | Kolkata |
| Postal code | 700009 |
| 300 ## - PHYSICAL DESCRIPTION | |
| Extent | 207,p. |
| Dimensions | 22cm (Pb) |
| 700 ## - ADDED ENTRY--PERSONAL NAME | |
| 9 (RLIN) | 32860 |
| 942 ## - ADDED ENTRY ELEMENTS (KOHA) | |
| Institution code [OBSOLETE] | dpl |
| Item type | English Books |
| Source of classification or shelving scheme | Dewey Decimal Classification |
| Call number suffix | GHA |
| Call number prefix | N |
No items available.
